| 000 | 00906cam a22002653a 4500 | ||
|---|---|---|---|
| 001 | 35456 | ||
| 003 | PGUSA | ||
| 005 | 20140828083750.0 | ||
| 008 | 110302s2011||||xxu|||||s|||||000 | eng d | ||
| 040 |
_aPGUSA _beng |
||
| 042 | _adc | ||
| 245 | 1 | 0 |
_aTales by Polish Authors _h[electronic resource] |
| 260 |
_bProject Gutenberg, _c2011 |
||
| 505 | 0 | _aBartek the Conqueror -- Twilight -- Temptation -- Srul, from Lubartów -- In Autumn -- In Sacrifice to the Gods | |
| 506 | _aPublic domain in the USA. | ||
| 516 | _aElectronic text | ||
| 700 | 1 |
_aSienkiewicz, Henryk, _d1846-1916 |
|
| 700 | 1 |
_aBenecke, Else C. M. _q(Else Cecilia Mendelssohn), _d1873-1917 |
|
| 700 | 1 |
_aSieroszewski, Wacław, _d1858-1945 |
|
| 700 | 1 |
_aSzymański, Adam, _d1852-1916 |
|
| 700 | 1 |
_aŻeromski, Stefan, _d1864-1925 |
|
| 830 | 0 |
_aProject Gutenberg _v35456 |
|
| 856 | 4 | 0 | _uhttp://www.gutenberg.org/ebooks/35456 |
| 942 | _cEB | ||
| 999 |
_c264711 _d264711 |
||